000 00813nam a22002537a 4500
003 DO-SdBNP
005 20221103140220.0
007 ta
008 221103b2018 dr ||||| |||| 00| 0 spa d
020 _a9789945580549
040 _aDO-SdBNP
_bspa
_cBNPHU
082 4 _222
100 _982685
_aJiménez Monegro, Alberto
245 1 0 _aHistoria del derecho y las ideas políticas /
_cAlberto Jiménez Monegro ; editor Lennys Tejada Betancourt
260 _aSanto Domingo :
_bUAPA,
_c2018.
300 _a290 p. :
_bil. ;
_c27 cm.
490 1 _aAutoaprendizaje
_v22
500 _aIncluye datos biográficos del autor en la contracubierta
590 _aInventariado, 2022/BT
700 1 _aTejada Betancourt, Lennys,
_eed
_979591
830 0 _aAutoaprendizaje
_n22
_982687
910 _aBtavárez
942 _2ddc
_cLBS1
999 _c52772
_d52772